<?xml version="1.0" encoding="UTF-8"?><?xml-stylesheet type="text/xsl" href="static/style.xsl"?><OAI-PMH xmlns="http://www.openarchives.org/OAI/2.0/" xmlns:xsi="http://www.w3.org/2001/XMLSchema-instance" xsi:schemaLocation="http://www.openarchives.org/OAI/2.0/ http://www.openarchives.org/OAI/2.0/OAI-PMH.xsd"><responseDate>2026-04-17T11:55:47Z</responseDate><request verb="GetRecord" identifier="oai:www.recercat.cat:20.500.12694/7467" metadataPrefix="marc">https://recercat.cat/oai/request</request><GetRecord><record><header><identifier>oai:recercat.cat:20.500.12694/7467</identifier><datestamp>2026-01-03T08:56:21Z</datestamp><setSpec>com_2072_179042</setSpec><setSpec>col_2072_484474</setSpec></header><metadata><record xmlns="http://www.loc.gov/MARC21/slim" xmlns:dcterms="http://purl.org/dc/terms/" xmlns:xsi="http://www.w3.org/2001/XMLSchema-instance" xmlns:doc="http://www.lyncode.com/xoai" xsi:schemaLocation="http://www.loc.gov/MARC21/slim http://www.loc.gov/standards/marcxml/schema/MARC21slim.xsd">
   <leader>00925njm 22002777a 4500</leader>
   <datafield ind2=" " ind1=" " tag="042">
      <subfield code="a">dc</subfield>
   </datafield>
   <datafield ind2=" " ind1=" " tag="720">
      <subfield code="a">Suy Saurina, Emma</subfield>
      <subfield code="e">author</subfield>
   </datafield>
   <datafield ind2=" " ind1=" " tag="260">
      <subfield code="c">2023-06</subfield>
   </datafield>
   <datafield ind2=" " ind1=" " tag="520">
      <subfield code="a">Aquest treball és una investigació pedagògica que té com a finalitat presentar una proposta d’institució educativa descentralitzada per a la transformació del context educatiu i social de la comarca de l’Alt Empordà, una comarca amb un elevat nombre de municipis de diferents idiosincràsies, fet que genera un desequilibri territorial evident. Aquesta proposta pretén fer front a la forta centralització de l’oferta educativa musical en aquesta zona, incrementant així les possibilitats d’accés als nuclis rurals i, d’aquesta manera, vetllar per la igualtat d’oportunitats en aquest àmbit.</subfield>
   </datafield>
   <datafield ind2=" " ind1=" " tag="520">
      <subfield code="a">Este trabajo es una investigación pedagógica que tiene como finalidad presentar una propuesta de institución educativa descentralizada para la transformación del contexto educativo y social del Alt Empordà, una comarca catalana con un número elevado de municipios de diferentes idiosincrasias, lo que genera un desequilibrio territorial evidente. Esta propuesta pretende hacer frente a la fuerte centralización de la oferta educativa musical en esta zona, incrementando así las posibilidades de acceso en los núcleos rurales y, de esta manera, velando por la igualdad de oportunidades en este ámbito.</subfield>
   </datafield>
   <datafield ind2=" " ind1=" " tag="520">
      <subfield code="a">This work is a pedagogical investigation whose objective is to create a proposal for a decentralised educative institution aimed at making a transformation of the educational and social context of Alt Empordà. This Catalan region has many municipalities with different idiosyncrasies, which creates a territorial imbalance. The proposal aims to address the strong centralisation of music education offerings in this region and increase the possibilities of the rural region. In this way, we are trying to guarantee the equality of chances in this area.</subfield>
   </datafield>
   <datafield ind1="8" ind2=" " tag="024">
      <subfield code="a">http://hdl.handle.net/20.500.12694/7467</subfield>
   </datafield>
   <datafield tag="653" ind2=" " ind1=" ">
      <subfield code="a">TFG Pedagogia</subfield>
   </datafield>
   <datafield tag="653" ind2=" " ind1=" ">
      <subfield code="a">Música--Ensenyament--Aspectes socials--Catalunya--Alt Empordà</subfield>
   </datafield>
   <datafield tag="653" ind2=" " ind1=" ">
      <subfield code="a">Centres musicals--Planificació--Catalunya--Alt Empordà</subfield>
   </datafield>
   <datafield tag="653" ind2=" " ind1=" ">
      <subfield code="a">Planificació educativa--Catalunya--Alt Empordà</subfield>
   </datafield>
   <datafield tag="653" ind2=" " ind1=" ">
      <subfield code="a">Ordenació del territori--Catalunya--Alt Empordà</subfield>
   </datafield>
   <datafield tag="653" ind2=" " ind1=" ">
      <subfield code="a">Desenvolupament rural--Projectes--Catalunya--Alt Empordà</subfield>
   </datafield>
   <datafield tag="653" ind2=" " ind1=" ">
      <subfield code="a">Població rural--Catalunya--Alt Empordà</subfield>
   </datafield>
   <datafield tag="653" ind2=" " ind1=" ">
      <subfield code="a">Condicions rurals--Catalunya--Alt Empordà</subfield>
   </datafield>
   <datafield tag="653" ind2=" " ind1=" ">
      <subfield code="a">Igualtat d'oportunitats educatives</subfield>
   </datafield>
   <datafield ind2="0" ind1="0" tag="245">
      <subfield code="a">Música i territori: proposta i validació de centre descentralitzat i en diverses seus a la comarca de l'Alt Empordà</subfield>
   </datafield>
</record></metadata></record></GetRecord></OAI-PMH>